Quy nạp toán học: Phương pháp và các bài toán
Quy nạp toán học, nguyên lý sắp xếp thứ tự tốt. Quy nạp siêu hạn
שמור ב:
| מחבר ראשי: | |
|---|---|
| מחברים אחרים: | |
| פורמט: | ספר |
| שפה: | Vietnamese |
| יצא לאור: |
Đà Nẵng
Đại học Đà Nẵng
2011
|
| נושאים: | |
| תגים: |
הוספת תג
אין תגיות, היה/י הראשונ/ה לתייג את הרשומה!
|
| Thư viện lưu trữ: | Mạng thư viện Đại học Đà Nẵng |
|---|
| LEADER | 01439nam a2200361 4500 | ||
|---|---|---|---|
| 001 | 000010280 | ||
| 003 | 6482 | ||
| 005 | 20111212111243.0 | ||
| 008 | 111212s2011 viesd | ||
| 041 | |a vie | ||
| 072 | |a Luận văn Thạc sĩ Khoa học | ||
| 082 | |a 510 |b NG-D | ||
| 100 | |a Nguyễn Thị Thùy Dương | ||
| 245 | |a Quy nạp toán học: Phương pháp và các bài toán |c Nguyễn Thị Thùy Dương | ||
| 260 | |a Đà Nẵng |b Đại học Đà Nẵng |c 2011 | ||
| 300 | |a 71tr |c 29cm |e CD. Tóm tắt luận văn | ||
| 500 | |a Luận văn Thạc sĩ Khoa học. Chuyên ngành: Phương pháp Toán sơ cấp. Mã số: 60.46.40 | ||
| 520 | |a Quy nạp toán học, nguyên lý sắp xếp thứ tự tốt. Quy nạp siêu hạn | ||
| 653 | |a Toán học | ||
| 653 | |a Luận văn Thạc sĩ Toán sơ cấp | ||
| 653 | |a quy nạp toán học | ||
| 653 | |a quy nạp siêu hạn | ||
| 700 | |a Nguyễn Duy Thái Sơn |c TS |e Hướng dẫn | ||
| OWN | |a LSP | ||
| AVA | |a UDN50 |b LSP |d 510 NG-D |e available |t Error 5001 Not defined in file expand_doc_bib_avail. |f 1 |g 0 |h N |i 0 |k 1 | ||
| 999 | |a From the UDN01 | ||
| AVA | |a UDN50 |b LSP |d 510 NG-D |e available |t Error 5001 Not defined in file expand_doc_bib_avail. |f 1 |g 0 |h N |i 0 |k 1 | ||
| TYP | |a Monograph | ||
| TYP | |a Printed language | ||
| 980 | |a Mạng thư viện Đại học Đà Nẵng | ||